[Event "Women's Speed Chess Q1"]
[Site "chess.com INT"]
[Date "2021.05.28"]
[Round "5"]
[White "Chaves, Joara"]
[Black "Dworakowska, Joanna"]
[Result "0-1"]
[WhiteTitle "WIM"]
[BlackTitle "IM"]
[WhiteElo "1901"]
[BlackElo "2322"]
[WhiteFideId "2100622"]
[BlackFideId "1107445"]
[EventDate "2021.05.28"]

1. e4 c5 2. Nc3 Nc6 3. f4 g6 4. Nf3 Bg7 5. Bb5 Nd4 6. O-O a6 7. Bd3 b5 8. Nxd4
cxd4 9. Ne2 Bb7 10. c3 dxc3 11. dxc3 d6 12. Be3 Nf6 13. Nd4 Nxe4 14. f5 Rc8 15.
fxg6 hxg6 16. Qf3 f5 17. Ne6 Be5 18. Bf4 Qb6+ 19. Kh1 Nf6 20. Qe2 Kf7 21. Ng5+
Kg7 22. Bxe5 dxe5 23. h3 e4 24. Bc2 Rh5 25. Nf3 exf3 26. Qxe7+ Kh6 27. Qe3+ Qxe3 0-1

[Event "Women's Speed Chess Q1"]
[Site "chess.com INT"]
[Date "2021.05.28"]
[Round "5"]
[White "Vargas, Gabriela"]
[Black "Osmak, Iulija"]
[Result "0-1"]
[WhiteTitle "WIM"]
[BlackTitle "IM"]
[WhiteElo "2170"]
[BlackElo "2425"]
[WhiteFideId "3700860"]
[BlackFideId "14101602"]
[EventDate "2021.05.28"]

1. d4 c5 2. d5 g6 3. Nf3 Bg7 4. e4 d6 5. Nc3 Nf6 6. Bb5+ Nbd7 7. a4 O-O 8. O-O
Ng4 9. h3 Nge5 10. Nxe5 Nxe5 11. f4 Nd7 12. Be3 Qc7 13. Qe2 e6 14. Rad1 Bxc3 15.
bxc3 exd5 16. exd5 Nf6 17. f5 Qe7 18. Bh6 Qxe2 19. Bxe2 Re8 20. Bb5 Nd7 21. fxg6
hxg6 22. Bf4 a6 23. Bxd7 Bxd7 24. Bxd6 Bxa4 25. Bxc5 Bxc2 26. Rd2 Be4 27. d6
Rad8 28. Re1 Rd7 29. Rd4 f5 30. g4 Kf7 31. gxf5 gxf5 32. Kf2 Rh8 33. Rg1 Rxh3
34. Rg3 Rh2+ 35. Ke3 Kf6 36. Kf4 Rh4+ 0-1

[Event "Women's Speed Chess Q1"]
[Site "chess.com INT"]
[Date "2021.05.28"]
[Round "5"]
[White "Kulkarni, Bhakti"]
[Black "Vo, Thi Kim Phung"]
[Result "1-0"]
[WhiteTitle "IM"]
[BlackTitle "WGM"]
[WhiteElo "2391"]
[BlackElo "2335"]
[WhiteFideId "5019516"]
[BlackFideId "12401838"]
[EventDate "2021.05.28"]

1. d4 Nf6 2. Nf3 e6 3. Bg5 c5 4. c3 d5 5. e3 Nbd7 6. Bd3 h6 7. Bh4 Qb6 8. Qc1
Bd6 9. Nbd2 e5 10. dxe5 Nxe5 11. Nxe5 Bxe5 12. Nf3 Bc7 13. O-O O-O 14. Qc2 Bg4
15. Bg3 Bxg3 16. hxg3 Rfe8 17. Rfe1 Rad8 18. Rad1 Re7 19. b3 Rde8 20. Bf5 Bxf5
21. Qxf5 Qe6 22. Qd3 Rd7 23. Re2 Red8 24. Qc2 b6 25. Red2 Kf8 26. Rd3 Kg8 27. b4
Rd6 28. Qa4 Qd7 29. Qa3 Qc7 30. Nd2 R6d7 31. bxc5 bxc5 32. Qa4 Rd6 33. Qf4 Qa5
34. Nc4 dxc4 35. Rxd6 Rxd6 36. Qxd6 Qxc3 37. Qxc5 Qc2 38. Qd4 h5 39. Qd2 Qa4 40.
Rc1 Ng4 41. Qc2 1-0

[Event "Women's Speed Chess Q1"]
[Site "chess.com INT"]
[Date "2021.05.28"]
[Round "5"]
[White "Assaubayeva, Bibisara"]
[Black "Paehtz, Elisabeth"]
[Result "1-0"]
[WhiteTitle "IM"]
[BlackTitle "IM"]
[WhiteElo "2381"]
[BlackElo "2456"]
[WhiteFideId "13708694"]
[BlackFideId "4641833"]
[EventDate "2021.05.28"]

1. d4 e6 2. c4 b6 3. e4 Bb7 4. Bd3 Bb4+ 5. Kf1 Be7 6. Nc3 d6 7. Nge2 Bf6 8. g3
c5 9. d5 exd5 10. exd5 Ne7 11. Kg2 O-O 12. Ne4 Ng6 13. Nf4 b5 14. Nxg6 fxg6 15.
Bf4 Be7 16. cxb5 Bxd5 17. Qc2 Rxf4 18. gxf4 Bb7 19. f3 Nd7 20. Rhe1 Nb6 21. Rad1
Qf8 22. Ng3 Bf6 23. f5 g5 24. Re6 Nd5 25. Nh5 Qf7 26. Bc4 Qxh5 27. Bxd5 Bxd5 28.
Rxd5 g4 29. Qe4 Qh3+ 30. Kg1 h5 31. fxg4 hxg4 32. Rdxd6 Rf8 33. Re8 Rxe8 34.
Qxe8+ Kh7 35. Rxf6 gxf6 36. Qf7+ Kh8 37. Qxf6+ Kg8 38. Qe6+ Kh8 39. f6 Qf3 40.
Qe8+ Kh7 41. Qh5+ Kg8 42. Qg6+ 1-0

[Event "Women's Speed Chess Q1"]
[Site "chess.com INT"]
[Date "2021.05.28"]
[Round "5"]
[White "Klinova, Masha"]
[Black "Kiolbasa, Oliwia"]
[Result "1-0"]
[WhiteTitle "IM"]
[BlackTitle "WIM"]
[WhiteElo "2275"]
[BlackElo "2255"]
[WhiteFideId "2802015"]
[BlackFideId "1154613"]
[EventDate "2021.05.28"]

1. e4 e5 2. Nf3 Nc6 3. Bc4 Bc5 4. d3 Nf6 5. O-O O-O 6. c3 d6 7. a4 a5 8. Nbd2
Be6 9. h3 Re8 10. Re1 h6 11. Bxe6 Rxe6 12. Nf1 d5 13. Ng3 Qe8 14. Be3 Bxe3 15.
Rxe3 Rd8 16. Qb3 b6 17. Nf5 Kh7 18. Rae1 dxe4 19. dxe4 Nh5 20. g3 g6 21. N5h4
Red6 22. Ng2 Ng7 23. Nh2 Ne6 24. Ng4 Nc5 25. Qa2 h5 26. Nh2 Nd3 27. Rf1 Qe6 28.
Qxe6 Rxe6 29. Re2 Nc5 30. Ra1 Red6 31. Ree1 Rd2 32. Ne3 Rxb2 33. Nd5 Nxe4 34.
Rxe4 Rxd5 35. Rc4 Rc5 36. Rxc5 bxc5 37. Rd1 Kg7 38. Rd7 Rb7 39. Nf3 e4 40. Ng5
Ne5 41. Rd8 Nf3+ 42. Nxf3 exf3 43. g4 hxg4 44. hxg4 Rb3 45. Ra8 Rxc3 46. Rxa5 c4
47. Rc5 Kf6 48. Kh2 Ke6 49. Rxc7 Rc2 50. Kg3 Kd5 51. Kxf3 c3 52. a5 Rc1 53. a6
Kd4 54. Rxf7 c2 55. Rc7 1-0

[Event "Women's Speed Chess Q1"]
[Site "chess.com INT"]
[Date "2021.05.28"]
[Round "5"]
[White "Chitlange, Sakshi"]
[Black "Buksa, Nataliya"]
[Result "0-1"]
[WhiteTitle "WIM"]
[BlackTitle "IM"]
[WhiteElo "2167"]
[BlackElo "2414"]
[WhiteFideId "35002899"]
[BlackFideId "14123622"]
[EventDate "2021.05.28"]

1. d4 d5 2. c4 e6 3. Nf3 Nf6 4. g3 Be7 5. Bg2 O-O 6. O-O dxc4 7. Qc2 b6 8. Bg5
Nd5 9. Bxe7 Qxe7 10. Na3 c3 11. e4 cxb2 12. Qxb2 Nb4 13. Qc3 Ba6 14. Rfb1 c5 15.
dxc5 bxc5 16. Nc4 Nd7 17. Na5 Rac8 18. a3 Nc6 19. Rc1 Qf6 20. Nxc6 Rxc6 21. e5
Qe7 22. Nd4 Rc7 23. Qa5 Nxe5 24. f4 Nd3 25. Nc6 Rxc6 26. Bxc6 Nxc1 27. Rxc1 Bd3
28. Rxc5 h6 29. Bf3 Rb8 30. Qc3 Ba6 31. Kg2 Qd6 32. Rc7 Qb6 33. Re7 Qb1 34. Rd7
Qf1# 0-1

[Event "Women's Speed Chess Q1"]
[Site "chess.com INT"]
[Date "2021.05.28"]
[Round "5"]
[White "Li, Xueyi"]
[Black "Hoshino, Karen"]
[Result "1-0"]
[WhiteTitle "WGM"]
[BlackTitle "WFM"]
[WhiteElo "2328"]
[BlackElo "1836"]
[WhiteFideId "8605912"]
[BlackFideId "2137984"]
[EventDate "2021.05.28"]

1. d4 Nf6 2. c4 e6 3. g3 Bb4+ 4. Bd2 Qe7 5. Bg2 O-O 6. e3 d5 7. Ne2 c5 8. Bxb4
cxb4 9. Nd2 Nc6 10. O-O b6 11. Rc1 Bb7 12. Nf4 dxc4 13. Nxc4 Rac8 14. h4 b5 15.
Nd2 Na5 16. Bxb7 Qxb7 17. Qe2 a6 18. g4 Ne4 19. Nxe4 Qxe4 20. f3 Qb7 21. b3 Rc3
22. Nd3 Qe7 23. h5 Rfc8 24. Nc5 Qg5 25. Rxc3 bxc3 26. Rc1 b4 27. Rc2 e5 28. Ne4
Qh6 29. g5 Qe6 30. dxe5 Rd8 31. f4 Qd5 32. Nd6 Nb7 33. Nf5 Kf8 34. Nd4 Nc5 35.
g6 hxg6 36. hxg6 fxg6 37. Qh2 Kg8 38. Qh3 Qd7 39. e6 Qd5 40. Rh2 Qh5 41. Qf1
Qg4+ 42. Rg2 Qh5 43. e7 Re8 44. Qc4+ Kh7 45. Rh2 Rxe7 46. Rxh5+ gxh5 47. Qxc5
Rxe3 48. Qxh5+ Kg8 49. Qd5+ Kh7 50. Qc5 Re1+ 51. Kf2 Rd1 52. Nf3 Rc1 53. Qh5+
Kg8 54. Ng5 c2 55. Qe8# 1-0

[Event "Women's Speed Chess Q1"]
[Site "chess.com INT"]
[Date "2021.05.28"]
[Round "5"]
[White "Cori T., Deysi"]
[Black "Bommini, Mounika Akshaya"]
[Result "1-0"]
[WhiteTitle "WGM"]
[BlackTitle "WFM"]
[WhiteElo "2388"]
[BlackElo "2029"]
[WhiteFideId "3801934"]
[BlackFideId "25019872"]
[EventDate "2021.05.28"]

1. Nf3 f5 2. b3 e6 3. Bb2 Nf6 4. h3 Be7 5. Rg1 O-O 6. g4 fxg4 7. hxg4 d6 8. g5
Ne4 9. Nc3 Nxg5 10. Nxg5 Bxg5 11. Ne4 Bh6 12. e3 e5 13. Qh5 Kh8 14. O-O-O Bf5
15. Bd3 Qe7 16. f4 Nc6 17. Rdf1 Bg6 18. Rxg6 hxg6 19. Qxg6 Qf7 20. Qg2 exf4 21.
Rh1 Ne5 22. Ng5 Nxd3+ 23. cxd3 Qg6 24. Nf7+ Qxf7 25. Rxh6+ Kg8 26. Rg6 f3 27.
Rxg7+ 1-0

[Event "Women's Speed Chess Q1"]
[Site "chess.com INT"]
[Date "2021.05.28"]
[Round "5"]
[White "Singgih, Diajeng Theresa"]
[Black "Michelle Catherina, P"]
[Result "1-0"]
[WhiteTitle "WFM"]
[BlackTitle "WIM"]
[WhiteElo "1972"]
[BlackElo "2176"]
[WhiteFideId "7104391"]
[BlackFideId "5005736"]
[EventDate "2021.05.28"]

1. e4 e5 2. Nf3 Nc6 3. Bb5 g6 4. O-O Bg7 5. c3 a6 6. d4 axb5 7. d5 Na5 8. Qe2 c6
9. d6 h6 10. b3 Nxb3 11. axb3 Rxa1 12. Ba3 g5 13. Qb2 Rxa3 14. Nxa3 g4 15. Nd2
Nf6 16. c4 b4 17. Nc2 c5 18. Ne1 Qb6 19. Qxe5+ Kf8 20. Qe7+ Kg8 21. e5 Nh5 22.
g3 Kh7 23. Qxf7 Rf8 24. Qxh5 Qd8 25. Qxg4 b6 26. f4 Bb7 27. Ndf3 Qe8 28. f5 Bxe5
29. Qg6+ Kh8 30. Qxh6+ Kg8 31. Nxe5 Qxe5 32. f6 Qd4+ 33. Rf2 Qg4 34. Rf4 1-0

[Event "Women's Speed Chess Q1"]
[Site "chess.com INT"]
[Date "2021.05.28"]
[Round "5"]
[White "Kiran, Manisha Mohanty"]
[Black "Starosta, Martyna"]
[Result "1-0"]
[WhiteTitle "WGM"]
[BlackTitle "WCM"]
[WhiteElo "2168"]
[BlackElo "1910"]
[WhiteFideId "5019575"]
[BlackFideId "21818754"]
[EventDate "2021.05.28"]

1. e4 e5 2. Nf3 Nc6 3. Bb5 a6 4. Ba4 Nf6 5. O-O Be7 6. Re1 b5 7. Bb3 O-O 8. a4
Bb7 9. d3 d6 10. Nbd2 Na5 11. Ba2 c5 12. Nf1 b4 13. Ng3 Bc8 14. Bd2 Rb8 15. c3
b3 16. Bb1 Nc6 17. a5 Nxa5 18. d4 cxd4 19. cxd4 Nc4 20. Bc3 Nd7 21. Bd3 Ndb6 22.
dxe5 dxe5 23. Nxe5 Nxe5 24. Bxe5 Bd6 25. Bc3 Bxg3 26. hxg3 Nd7 27. Bxa6 Bxa6 28.
Rxa6 Qc8 29. Qd4 f6 30. Rd6 Ne5 31. f4 Ng4 32. Rd7 Rd8 33. Rd1 Rxd7 34. Qxd7
Qc5+ 35. Qd4 Qh5 36. Qd5+ Qxd5 37. Rxd5 Ra8 38. Kf1 Ra1+ 39. Ke2 Rg1 40. Rb5 g6
41. Kf3 h5 42. Bd4 Rf1+ 43. Ke2 Rc1 44. Rxb3 Rc2+ 45. Kd1 Rxg2 46. Rd3 Nf2+ 47.
Bxf2 Rxf2 48. Kc1 Rg2 49. b4 Kf7 50. b5 Rg1+ 51. Kc2 g5 52. fxg5 fxg5 53. b6
Rg2+ 54. Kc3 Rg1 55. Kc2 Rg2+ 56. Rd2 Rxg3 57. b7 Rg1 58. b8=Q h4 59. Qb6 1-0

[Event "Women's Speed Chess Q1"]
[Site "chess.com INT"]
[Date "2021.05.28"]
[Round "5"]
[White "Swati, Mohota"]
[Black "Obregon Garcia, Roxangel"]
[Result "0-1"]
[WhiteTitle "WFM"]
[BlackTitle "WIM"]
[WhiteElo "2027"]
[BlackElo "2167"]
[WhiteFideId "5006511"]
[BlackFideId "3520420"]
[EventDate "2021.05.28"]

1. d4 d5 2. c4 c6 3. Nf3 Nf6 4. g3 e6 5. Bg2 Nbd7 6. O-O Bd6 7. b3 O-O 8. Bb2
Qe7 9. Ne5 Ne8 10. Nd2 f6 11. Nd3 f5 12. Qc2 Ndf6 13. Ne5 h5 14. Ng6 Qf7 15.
Nxf8 Kxf8 16. a4 h4 17. Ba3 Bxa3 18. Rxa3 Qh5 19. Nf3 hxg3 20. hxg3 Ne4 21. Qc1
N8f6 22. Qf4 Ng4 23. cxd5 g5 24. Qc7 Nd2 25. Qd8+ Kf7 26. Qc7+ Ke8 27. Nh4 gxh4
28. d6 Bd7 29. Qxb7 hxg3 30. Qxa8+ Kf7 31. Rd1 gxf2# 0-1

[Event "Women's Speed Chess Q1"]
[Site "chess.com INT"]
[Date "2021.05.28"]
[Round "5"]
[White "Antolak, Julia"]
[Black "Tarini, Goyal"]
[Result "1-0"]
[WhiteTitle "WIM"]
[BlackTitle "WFM"]
[WhiteElo "2306"]
[BlackElo "2164"]
[WhiteFideId "1159569"]
[BlackFideId "5082749"]
[EventDate "2021.05.28"]

1. e4 c5 2. Nf3 g6 3. c3 d5 4. exd5 Qxd5 5. Be2 Nc6 6. O-O Bg7 7. Na3 Nh6 8. d4
O-O 9. dxc5 Qxc5 10. Be3 Qa5 11. Nc4 Qc7 12. Qc1 Nf5 13. Bf4 e5 14. Bd2 b5 15.
Ne3 Nxe3 16. Bxe3 a6 17. c4 bxc4 18. Qxc4 Be6 19. Qc5 Qb7 20. Ng5 Nd4 21. Bxd4
exd4 22. Bf3 Qc8 23. Qa5 Rb8 24. Nxe6 Qxe6 25. b3 Rfe8 26. h3 Qd6 27. Rad1 Rbc8
28. Bb7 Rc5 29. Qxa6 Qxa6 30. Bxa6 Ra5 31. Bc4 Rxa2 32. Ra1 Rxa1 33. Rxa1 Re7
34. Ra8+ Bf8 35. Rd8 Re1+ 36. Kh2 Rd1 37. Rd7 Kg7 38. Rxf7+ Kh6 39. Rxf8 1-0

[Event "Women's Speed Chess Q1"]
[Site "chess.com INT"]
[Date "2021.05.28"]
[Round "5"]
[White "Grigoryan, Meri"]
[Black "Frattini, Beatriz Maria"]
[Result "0-1"]
[WhiteTitle "WFM"]
[BlackTitle "WCM"]
[WhiteElo "2044"]
[BlackElo "1854"]
[WhiteFideId "13300571"]
[BlackFideId "22715002"]
[EventDate "2021.05.28"]

1. e4 c5 2. f4 Nc6 3. Nf3 d6 4. Bb5 g6 5. c3 Bg7 6. Bxc6+ bxc6 7. O-O Nf6 8. Qe1
O-O 9. d4 cxd4 10. cxd4 d5 11. e5 Ne4 12. Qe3 Rb8 13. Nc3 Nxc3 14. Qxc3 Qb6 15.
b3 Ba6 16. Rd1 e6 17. Be3 Rfc8 18. Rac1 Bf8 19. Ne1 Ba3 20. Rc2 Bb4 21. Qa1 c5
22. dxc5 Bxc5 23. Bxc5 Rxc5 24. Rf2 Rbc8 25. Qd4 Rc1 26. Qxb6 axb6 27. Rfd2 Rxd1
28. Rxd1 Rc3 29. Kf2 Kf8 30. g3 Ke8 31. Rd2 Kd7 32. Rc2 Rxc2+ 33. Nxc2 Kc6 34.
Ke3 Kc5 35. a3 b5 36. Nb4 Bb7 37. Nd3+ Kb6 38. Kd4 Kc6 39. Nc5 Bc8 40. h3 h5 41.
Nd3 Kb6 42. g4 hxg4 43. hxg4 Kc6 44. Nb4+ Kb6 45. Nc2 Kc6 46. Ne3 Kb6 47. f5
gxf5 48. gxf5 exf5 49. Nxd5+ Ka5 50. Kc5 Be6 51. a4 bxa4 52. b4+ Ka6 53. b5+ Kb7
54. Nc3 a3 0-1

[Event "Women's Speed Chess Q1"]
[Site "chess.com INT"]
[Date "2021.05.28"]
[Round "5"]
[White "Linares Napoles, Oleiny"]
[Black "Nandhidhaa, P V"]
[Result "1-0"]
[WhiteTitle "WGM"]
[BlackTitle "WGM"]
[WhiteElo "2255"]
[BlackElo "2365"]
[WhiteFideId "3504794"]
[BlackFideId "5050847"]
[EventDate "2021.05.28"]

1. Nf3 c5 2. b3 Nc6 3. e3 Nf6 4. Bb2 e6 5. d4 cxd4 6. exd4 d5 7. a3 Be7 8. Nbd2
O-O 9. Bd3 b6 10. O-O Bb7 11. Re1 Rc8 12. Rc1 Bd6 13. Ne5 Qe7 14. b4 Nd7 15. Qh5
g6 16. Qh6 Rfd8 17. Ndf3 Qf8 18. Qh3 Ndxe5 19. dxe5 Be7 20. Qg4 a6 21. h4 h5 22.
Qf4 b5 23. Rcd1 Nb8 24. Bd4 Nd7 25. Re3 a5 26. c3 axb4 27. axb4 Nb8 28. g4 hxg4
29. Qxg4 Qg7 30. Bb6 Re8 31. Bxb5 Bc6 32. Be2 Ba4 33. Ra1 Bb3 34. Nd4 Bc4 35.
Bf3 Nd7 36. Ba5 Nxe5 37. Qg3 Nxf3+ 38. Rxf3 e5 39. Nc2 e4 40. Re3 Bf6 41. b5 Be5
42. Qg2 Bf4 43. b6 Bxe3 44. fxe3 Ba6 45. Nd4 Bb7 46. Rf1 Ra8 47. Bb4 Ra6 48. Bc5
Rc8 49. Qg3 Rxc5 50. Qb8+ Kh7 51. Qxb7 Ra2 52. Rxf7 Ra1+ 53. Kg2 Ra2+ 54. Kg3
Qxf7 55. Qxf7+ Kh6 56. Ne6 Rxc3 57. Qg7+ 1-0

[Event "Women's Speed Chess Q1"]
[Site "chess.com INT"]
[Date "2021.05.28"]
[Round "5"]
[White "February, Jesse Nikki"]
[Black "Komiagina, Maria"]
[Result "1-0"]
[WhiteTitle "WIM"]
[BlackTitle "WIM"]
[WhiteElo "1824"]
[BlackElo "2241"]
[WhiteFideId "14312336"]
[BlackFideId "4153987"]
[EventDate "2021.05.28"]

1. e4 c5 2. Nf3 Nc6 3. d4 cxd4 4. Nxd4 Nf6 5. Nc3 d6 6. Bg5 e6 7. Bb5 Bd7 8. Qd2
a6 9. Ba4 h6 10. Bh4 b5 11. Bb3 b4 12. Nce2 g5 13. Nxc6 Bxc6 14. Bg3 Nxe4 15.
Qxb4 Bg7 16. Ba4 Nxg3 17. Bxc6+ Kf8 18. hxg3 Rb8 19. Qe4 Bxb2 20. Rb1 Qa5+ 21.
Kf1 Qxa2 22. Rd1 d5 23. Qe3 Bg7 24. Nd4 Qc4+ 25. Kg1 e5 26. Nf5 d4 27. Qf3 Rb6
28. Bd5 Qc7 29. Nxg7 Kxg7 30. Kh2 h5 31. Rhe1 h4 32. gxh4 Rxh4+ 33. Kg1 e4 34.
Qg3 1-0

[Event "Women's Speed Chess Q1"]
[Site "chess.com INT"]
[Date "2021.05.28"]
[Round "5"]
[White "Nguyen, Hong Anh"]
[Black "Agrest, Inna"]
[Result "0-1"]
[WhiteTitle "WIM"]
[BlackTitle "WIM"]
[WhiteElo "1993"]
[BlackElo "2285"]
[WhiteFideId "12406732"]
[BlackFideId "1708830"]
[EventDate "2021.05.28"]

1. d4 Nf6 2. c4 g6 3. Nf3 Bg7 4. g3 O-O 5. Bg2 d6 6. O-O Nbd7 7. Nc3 a6 8. e4 e5
9. h3 Rb8 10. Re1 exd4 11. Nxd4 Ne5 12. b3 c5 13. Nde2 b5 14. cxb5 axb5 15. Bb2
c4 16. Nf4 b4 17. Ncd5 c3 18. Bc1 Ba6 19. a3 Nxd5 20. exd5 c2 21. Qxc2 Rc8 22.
Qb1 Nd3 23. Nxd3 Bxd3 24. Qxd3 Bxa1 25. Bh6 Bg7 26. Bxg7 Kxg7 27. Qd4+ Qf6 28.
Qxb4 Rc2 29. Rf1 Re8 30. a4 Ree2 31. Qb6 Qe5 32. Qb5 Red2 33. Bf3 Qd4 34. Be4
Qxe4 35. Qb6 Qf3 36. a5 Rd1 37. Rxd1 Qxd1+ 38. Kg2 Qxd5+ 39. Kh2 Rc1 40. g4 Qe5+
41. Kg2 Qe4+ 42. Kg3 Rc3+ 43. Kh4 Qe7+ 44. g5 Qe4+ 45. f4 Qxf4# 0-1

[Event "Women's Speed Chess Q1"]
[Site "chess.com INT"]
[Date "2021.05.28"]
[Round "5"]
[White "Arpita, Mukherjee"]
[Black "Soumya, Swaminathan"]
[Result "1/2-1/2"]
[WhiteTitle "WIM"]
[BlackTitle "IM"]
[WhiteElo "2206"]
[BlackElo "2351"]
[WhiteFideId "5056403"]
[BlackFideId "5016193"]
[EventDate "2021.05.28"]

1. e4 c5 2. Nf3 Nc6 3. Bb5 g6 4. Bxc6 dxc6 5. d3 Bg7 6. Nc3 Nf6 7. Be3 Nd7 8.
Qd2 h6 9. O-O e5 10. h3 b6 11. Nh2 Nf8 12. a4 a5 13. f4 exf4 14. Bxf4 Ne6 15.
Be3 Nd4 16. Kh1 Be6 17. Nd1 Qd7 18. Nf2 h5 19. Bg5 Be5 20. Nf3 Nxf3 21. gxf3
Bxh3 22. f4 Bxb2 23. Rab1 Bd4 24. e5 Bxf1 25. Rxf1 Bxf2 26. Qxf2 Qf5 27. Rb1 Rb8
28. Bf6 O-O 29. Qh4 c4 30. Rg1 cxd3 31. cxd3 b5 32. Rg5 Qxd3 33. Qxh5 Qf1+ 34.
Kh2 Qf2+ 35. Kh1 Qf1+ 36. Kh2 Qf2+ 37. Kh1 Qf1+ 1/2-1/2

[Event "Women's Speed Chess Q1"]
[Site "chess.com INT"]
[Date "2021.05.28"]
[Round "5"]
[White "Bulmaga, Irina"]
[Black "Pujari, Rucha"]
[Result "1-0"]
[WhiteTitle "IM"]
[BlackTitle "WIM"]
[WhiteElo "2440"]
[BlackElo "2244"]
[WhiteFideId "13903063"]
[BlackFideId "5024528"]
[EventDate "2021.05.28"]

1. e4 e5 2. Nf3 Nc6 3. d4 exd4 4. Nxd4 Qf6 5. Nf3 Bb4+ 6. c3 Bc5 7. Be2 d6 8.
O-O Nge7 9. Bg5 Qg6 10. Bh4 a5 11. Nbd2 f5 12. Bd3 O-O 13. Re1 Kh8 14. Nb3 Bb6
15. e5 d5 16. Nbd4 Bxd4 17. cxd4 Be6 18. Rc1 Rae8 19. Bxe7 Rxe7 20. Qd2 h6 21.
Bb5 Nd8 22. Qxa5 b6 23. Qd2 f4 24. Kh1 Bg4 25. Be2 Ne6 26. Rc6 Qh5 27. Kg1 Rff7
28. a4 Bf5 29. b4 g5 30. a5 g4 31. a6 gxf3 32. Bxf3 Qg6 33. a7 Rf8 34. Ra1 Ra8
35. Bxd5 Rg7 36. Rxe6 Bxe6 37. Bxa8 Qf5 38. Bf3 Rg8 39. a8=Q Rxa8 40. Rxa8+ Kg7
41. h3 1-0

[Event "Women's Speed Chess Q1"]
[Site "chess.com INT"]
[Date "2021.05.28"]
[Round "5"]
[White "Papp, Petra"]
[Black "Zhou, Qiyu"]
[Result "0-1"]
[WhiteTitle "WGM"]
[BlackTitle "FM"]
[WhiteElo "2336"]
[BlackElo "2229"]
[WhiteFideId "739049"]
[BlackFideId "505161"]
[EventDate "2021.05.28"]

1. e4 e5 2. Nf3 Nc6 3. Bc4 Bc5 4. b4 Bxb4 5. c3 Bd6 6. O-O Nf6 7. d4 Qe7 8. Re1
h6 9. Nbd2 O-O 10. Nh4 exd4 11. Ng6 Qe8 12. Nxf8 Qxf8 13. cxd4 Bb4 14. e5 Nh7
15. d5 Bc3 16. dxc6 Bxa1 17. cxd7 Bxd7 18. Nb3 Ba4 19. Qf3 Bxb3 20. axb3 Bd4 21.
Bf4 c6 22. h4 Kh8 23. Qe4 Rd8 24. h5 Qc5 25. Re2 Nf8 26. Bxf7 Bxf2+ 27. Rxf2
Rd1+ 28. Kh2 Qxf2 29. Bxh6 Qxf7 30. Qg4 Rd5 31. Bf4 Ne6 32. Bg3 Rd4 33. Qe2 Qf5
34. h6 gxh6 35. b4 Qg4 0-1

[Event "Women's Speed Chess Q1"]
[Site "chess.com INT"]
[Date "2021.05.28"]
[Round "5"]
[White "Rakshitta, Ravi"]
[Black "Gu, Xiaobing"]
[Result "0-1"]
[WhiteTitle "WIM"]
[BlackTitle "WGM"]
[WhiteElo "2190"]
[BlackElo "2263"]
[WhiteFideId "25073230"]
[BlackFideId "8602611"]
[EventDate "2021.05.28"]

1. e4 c5 2. Nf3 d6 3. d4 cxd4 4. Qxd4 Nc6 5. Bb5 Bd7 6. Bxc6 Bxc6 7. Nc3 Nf6 8.
Bg5 e6 9. O-O-O Be7 10. Qd3 Qa5 11. h4 h6 12. Bd2 Qa6 13. Qd4 e5 14. Qe3 b5 15.
Qe2 Qb6 16. Be3 Qb7 17. Kb1 Nxe4 18. Nxe4 Bxe4 19. Rhe1 Rc8 20. Rd2 b4 21. Red1
a5 22. Ne1 a4 23. Nf3 b3 24. Ne1 a3 25. axb3 Qxb3 26. Nd3 Qb5 27. b3 O-O 28. g4
d5 29. f3 Bg6 30. Ka2 d4 31. Bxd4 exd4 32. Qxe7 Bxd3 33. cxd3 Rc3 34. Qxa3 Rfc8
35. Re2 Rxd3 36. Rde1 Kh7 37. Rb2 Rxf3 38. Rd2 Qd5 39. Qb2 Ra8+ 40. Kb1 Rxb3 41.
Rxd4 Rxb2+ 42. Kxb2 Qxd4+ 0-1

[Event "Women's Speed Chess Q1"]
[Site "chess.com INT"]
[Date "2021.05.28"]
[Round "5"]
[White "Arakhamia-Grant, Ketevan"]
[Black "Kanyamarala, Trisha"]
[Result "1-0"]
[WhiteTitle "GM"]
[BlackTitle "WIM"]
[WhiteElo "2380"]
[BlackElo "2180"]
[WhiteFideId "13600168"]
[BlackFideId "45004722"]
[EventDate "2021.05.28"]

1. e4 c5 2. Nf3 d6 3. Bb5+ Nd7 4. c3 Nf6 5. Bd3 g6 6. O-O Bg7 7. Bc2 O-O 8. d4
cxd4 9. cxd4 Nb6 10. Nc3 Bd7 11. h3 Rc8 12. Bb3 Nc4 13. Qe2 b5 14. a4 a6 15.
axb5 axb5 16. e5 Ne8 17. Ra7 dxe5 18. dxe5 Rc7 19. Rxc7 Qxc7 20. Bg5 f6 21. Bf4
f5 22. e6 Qxf4 23. exd7 Nf6 24. Qxe7 Qc7 25. Nxb5 Qxd7 26. Bxc4+ Kh8 27. Qxd7
Nxd7 28. b3 Nc5 29. Nd6 h6 30. Re1 Rb8 31. Ne5 Kh7 32. Nf3 1-0

[Event "Women's Speed Chess Q1"]
[Site "chess.com INT"]
[Date "2021.05.28"]
[Round "5"]
[White "Sedina, Elena"]
[Black "Chu, Ruotong"]
[Result "1-0"]
[WhiteTitle "IM"]
[BlackTitle "WIM"]
[WhiteElo "2291"]
[BlackElo "2207"]
[WhiteFideId "812153"]
[BlackFideId "8605653"]
[EventDate "2021.05.28"]

1. e4 c5 2. Nf3 e6 3. c3 d5 4. exd5 Qxd5 5. d4 Nc6 6. Bd3 Nf6 7. O-O cxd4 8.
cxd4 a6 9. Nc3 Qd6 10. a3 Be7 11. Re1 h6 12. Bc2 b5 13. Be3 Bb7 14. Qd2 Na5 15.
Bf4 Nc4 16. Qc1 Qb6 17. b3 Na5 18. Qe3 Rc8 19. Rec1 Nd5 20. Nxd5 Bxd5 21. Qd3 b4
22. axb4 Bxb4 23. Ne5 Rc3 24. Qd1 Nxb3 25. Bxb3 Bxb3 26. Qg4 g6 27. Bd2 Rxc1+
28. Rxc1 O-O 29. Bxh6 1-0

[Event "Women's Speed Chess Q1"]
[Site "chess.com INT"]
[Date "2021.05.28"]
[Round "5"]
[White "Ramirez, Maria Eugenia"]
[Black "Eswaran, Aksithi"]
[Result "1-0"]
[WhiteTitle "WFM"]
[BlackTitle "WCM"]
[WhiteElo "2057"]
[BlackElo "1745"]
[WhiteFideId "3301680"]
[BlackFideId "2083485"]
[EventDate "2021.05.28"]

1. e4 c5 2. c3 Nc6 3. d4 cxd4 4. cxd4 d5 5. e5 Bf5 6. Nc3 e6 7. Nge2 Bb4 8. g3
Nge7 9. Bg2 O-O 10. O-O Rc8 11. Be3 a6 12. a3 Ba5 13. f4 b5 14. h3 b4 15. axb4
Nxb4 16. Qd2 Nc2 17. Rac1 Nxe3 18. Qxe3 Qb6 19. g4 Bg6 20. Qd2 Rc4 21. Ra1 Nc6
22. Ra4 Nxd4 23. Nxd4 Bxc3 24. bxc3 Rxa4 25. f5 exf5 26. gxf5 Bh5 27. f6 Bg6 28.
h4 Rc8 29. Bxd5 gxf6 30. exf6 Qc5 31. Bb7 Qxc3 32. Qxc3 Rxc3 33. Re1 h5 34. Nc6
Rg3+ 35. Kh2 Rgg4 36. Re8+ 1-0